Normal view MARC view
  • HAFEEZ, MUHAMMAD SHEIKH,SAEED, M. A

Entry Personal Name

Number of records used in: 1

001 - CONTROL NUMBER

  • control field: 78602

003 - CONTROL NUMBER IDENTIFIER

  • control field: NUST

005 - DATE AND TIME OF LATEST TRANSACTION

  • control field: 20210628210226.0

008 - FIXED-LENGTH DATA ELEMENTS

  • fixed length control field: 210628|| aca||aabn | a|a d

040 ## - CATALOGING SOURCE

  • Original cataloging agency: NUST
  • Transcribing agency: NUST

100 ## - HEADING--PERSONAL NAME

  • Personal name: HAFEEZ, MUHAMMAD SHEIKH,SAEED, M. A

670 ## - SOURCE DATA FOUND

  • Source citation: Work cat.: (NUST): MUNAWAR, HUSSAIN DR 78296, ELEMENTARY VECTOR ANALYSIS, 1985
© 2023 Central Library, National University of Sciences and Technology. All Rights Reserved.